| 000 | 00738nam a2200229 a 4500 | ||
|---|---|---|---|
| 005 | 20240228064305.0 | ||
| 008 | 170901s2006 mx r 000 0 spa d | ||
| 020 | _a8506046505 | ||
| 035 | _aUPN01000220097 | ||
| 049 | _aI | ||
| 050 | 4 |
_aPZ84.1 _bF5.4 |
|
| 100 | 1 |
_aFittipaldi, Cica, _d1952- _933119 |
|
| 245 | 1 | 3 |
_aEl niño y la flauta : _bmito de los indios nambiquara / _ctexto e il. Ciça Fittipaldi ; tr. Elsa Bailón. |
| 260 |
_aSao Paulo, Bra. : _bMelhoramentos, _c2006. |
||
| 300 |
_a14 p. : _bil. col. |
||
| 440 | 0 | _aMorená | |
| 534 |
_pTítulo original: _tO menino a flauta |
||
| 650 | 4 |
_aLITERATURA INFANTIL BRASILEÑA _911916 |
|
| 650 | 4 |
_aLibros y lectura para niños _92290 |
|
| 905 | _aInfantil | ||
| 999 |
_c192196 _d192196 |
||